| 000 | 00528nam a22001817a 4500 | ||
|---|---|---|---|
| 005 | 20251108164911.0 | ||
| 008 | 250721s9999 xx 000 0 ara d | ||
| 082 | 1 | 4 | _a811.9611/لطف |
| 100 | 1 | _aقجه، لطفي | |
| 245 | 1 | 0 |
_aسمفونية المستقبل الأخضر : _bشعر / |
| 264 | 1 |
_aتونس : _bمطبعة و مكتبة المعارف، _c[19-]. |
|
| 300 | _a48ص | ||
| 650 | 1 | 7 | _aالشعر العربي |
| 650 | 1 | 7 | _aالعصر الحديث |
| 650 | 1 | 7 | _aتونس |
| 942 |
_2ddc _cBK |
||
| 999 |
_c17013 _d17013 |
||